Isfahan (Record no. 10034)

MARC details
000 -LEADER
fixed length control field 00631nam a2200241 a 4500
020 ## - INTERNATIONAL STANDARD BOOK NUMBER
ISBN 089236X
082 00 - DEWEY DECIMAL CLASSIFICATION NUMBER
Classification number 704.94897
Author Cutter TAY
100 ## - MAIN ENTRY--AUTHOR NAME
Author name Taylor, Alice
245 ## - TITLE STATEMENT
Title Isfahan
Sub title Diversity and Identity in Seventeenth-Century Persia
260 ## - PUBLICATION, DISTRIBUTION, ETC. (IMPRINT)
Place of publication California
Name of publisher J.Paul Getty Museum
Year of publication 1995
300 ## - PHYSICAL DESCRIPTION
Number of Pages 86p
500 ## - GENERAL NOTE
General note includes index and biblioraphy
505 2# - FORMATTED CONTENTS NOTE
Formatted contents note Index
650 ## - SUBJECT ADDED ENTRY--TOPICAL TERM
Topical Term Art-Islamic-Persian
942 ## - ADDED ENTRY ELEMENTS (KOHA)
Koha item type Books
700 1# -
-- Taylor, Alice
Holdings
Collection code Home library Current library Date acquired Cost, normal purchase price Full call number Accession Number Koha item type
  Henry Martyn Institute Library Henry Martyn Institute Library 06/12/2007 816.00 704.94897 TAY 016616 Books
                   Copyright © 2026 | Henry Martyn Institute | Hyderabad | TS-500052 | INDIA | Implemented by hmi.edu.in
Hit-Count:

Powered by Koha